Word Ladder: Vampire Charity Quiz Stats

Quiz Updated Dec 8, 2017

Challenge
Share
Tweet
Embed
Score 0/14 Timer 01:30
0 Plays Today
Clue 4-Letter Word % Correct
Farthest from firstLAST
98.7%
Any moment before the presentPAST
97.8%
An insect or vermin that poses a problemPEST
97.3%
Good, superlativelyBEST
96.4%
US First Lady TrumanBESS
92.6%
RippedTORN
88.5%
Brought forth after a pregnancyBORN
88.4%
Clue 4-Letter Word % Correct
Fashion designer HugoBOSS
88.1%
A connection between two atomsBOND
80.3%
The capital of West GermanyBONN
77.8%
1987 vampire movie starring Coreys Haim and Feldman: 'The ___ [8]'•LOST•
74.4%
1987 vampire movie starring Coreys Haim and Feldman: 'The [1] ___'
Non-profit orphanage located in Nebraska: ___ [14]
•BOYS•
70.8%
Woody's surname on 'Cheers'BOYD
64.6%
Non-profit orphanage located in Nebraska: [8] ___•TOWN•
54.8%

Today's Daily Dose

You're not logged in!

Compare scores with friends on all Sporcle quizzes.
Sign Up with Email
OR
Log In

You Might Also Like...

Show Comments

Extras

Top Quizzes Today


Score Distribution

Your Account Isn't Verified!

In order to create a playlist on Sporcle, you need to verify the email address you used during registration. Go to your Sporcle Settings to finish the process.

Report this User

Report this user for behavior that violates our Community Guidelines.

Details: